| 000 | 01035nam0a22002651 4500 | ||
|---|---|---|---|
| 001 | rc\170249 | ||
| 005 | 20250620215618.0 | ||
| 035 | _a(NLR Aleph) 005432994 | ||
| 090 |
_a7597215 _c7597215 |
||
| 100 | _a20030307d1996 |||y0rusy50 ca | ||
| 101 | 0 | _arus | |
| 102 | _aRU | ||
| 105 | _ay ||||||||| | ||
| 200 | 1 |
_aОПЫТ рыночных преобразований в Китае _e[Сб. ст. _fОтв. ред. д. э. н. Островский А.В., к. и. н. Портяков В.Я.] |
|
| 210 |
_aМ. _cИДВ _d1996 |
||
| 215 |
_a173 с. _d20 |
||
| 225 | 1 |
_aИнформационный бюллетень _fРос. акад. наук. Ин-т Дал. Востока _v№ 4 |
|
| 320 | _aБиблиогр. в конце ст. | ||
| 702 | 1 |
_4340 _7ca _8rus _aОстровский _bА. В. _cд-р экон. наук _f1949- _gАндрей Владимирович _9236814 _3RU\NLR\AUTH\770236870 |
|
| 801 | 0 |
_aRU _bNLR _gpsbo |
|
| 801 | 1 |
_aRU _bELAR _2rusmarc |
|
| 852 |
_aNLR _jП22/4353 |
||
| 942 | _cBOOK | ||
| 980 | _aNB | ||